All Governors of Arizona - Statistics

General Stats
  • This quiz has been taken 4 times
  • The average score is 10 of 28
Answer Stats
Years Served Party Answer % Correct
2015 - 2023 Republican Doug Ducey
100%
2009 - 2015 Republican Jan Brewer
100%
2023 - Present Democrat Katie Hobbs
100%
2003 - 2009 Democrat Janet Napolitano
67%
1959 - 1965 Republican Paul Fannin
67%
1939 - 1941 Democrat Robert Taylor Jones
67%
1933 - 1937 Democrat Benjamin Baker Moeur
33%
1948 - 1951 Democrat Dan Edward Garvey
33%
1955 - 1959 Democrat Ernest McFarland
33%
1987 - 1988 Republican Evan Mecham
33%
1991 - 1997 Republican Fife Symington
33%
1912 - 1917 Democrat George W. P. Hunt
33%
1917 - 1919 Democrat George W. P. Hunt
33%
1923 - 1929 Democrat George W. P. Hunt
33%
1931 - 1933 Democrat George W. P. Hunt
33%
1967 - 1975 Republican Jack Williams
33%
1951 - 1955 Republican John Howard Pyle
33%
1988 - 1991 Democrat Rose Mofford
33%
1965 - 1967 Democrat Samuel Pearson Goddard Jr.
33%
1941 - 1948 Democrat Sidney Preston Osborn
33%
1977 - 1978 Democrat Wesley Bolin
33%
1978 - 1987 Democrat Bruce Babbitt
0%
1997 - 2003 Republican Jane Dee Hull
0%
1929 - 1931 Republican John Calhoun Phillips
0%
1975 - 1977 Democrat Raúl Héctor Castro
0%
1937 - 1939 Democrat Rawghlie Clement Stanford
0%
1917 Republican Thomas Edward Campbell
0%
1919 - 1923 Republican Thomas Edward Campbell
0%
No matching quizzes found
Score Distribution
Percent of People with Each Score
Percentile by Number Answered
Your Score History
You have not taken this quiz